Statistics for All Formula One Polesitters

Click here to take the quiz!

General Stats

  • This quiz has been taken 216 times
    (128 since last reset)
  • The average score is 62 of 106

Answer Stats

Pole PositionsNationalityLast PoleDriver% Correct
104British2023Lewis Hamilton
98%
65Brazilian1994Ayrton Senna
94%
22Spanish2012Fernando Alonso
94%
39Dutch2024Max Verstappen
94%
57German2019Sebastian Vettel
94%
26Finnish2000Mika Häkkinen
93%
20Finnish2021Valtteri Bottas
93%
24Monégasque2024Charles Leclerc
92%
18Finnish2018Kimi Räikkönen
92%
68German2006Michael Schumacher
92%
33French1993Alain Prost
91%
30German2016Nico Rosberg
91%
24Brazilian1987Nelson Piquet
90%
24Austrian1978Niki Lauda
90%
16Brazilian2014Felipe Massa
89%
20British1996Damon Hill
88%
29Argentine1958Juan Manuel Fangio
88%
13Australian2013Mark Webber
87%
1British2022George Russell
85%
1Danish2022Kevin Magnussen
85%
1Canadian2020Lance Stroll
85%
1British2021Lando Norris
84%
18American1982Mario Andretti
84%
32British1994Nigel Mansell
84%
3Australian2018Daniel Ricciardo
83%
8British2012Jenson Button
83%
3Mexican2023Sergio Perez
83%
1Polish2008Robert Kubica
82%
5Spanish2023Carlos Sainz Jr.
81%
17British1973Jackie Stewart
81%
33British1968Jim Clark
81%
14Brazilian2009Rubens Barrichello
81%
14Italian1954Alberto Ascari
80%
13Canadian1997Jacques Villeneuve
80%
13Colombian2005Juan-Pablo Montoya
80%
12British2001David Coulthard
78%
14British1977James Hunt
78%
6American1961Phil Hill
78%
5Italian1954Giuseppe Farina
77%
5Finnish1986Keke Rosberg
77%
1Venezuelan2012Pastor Maldonado
77%
6German2005Ralf Schumacher
77%
13Australian1970Jack Brabham
76%
1German2010Nico Hulkenberg
76%
6Brazilian1974Emerson Fittipaldi
75%
12Austrian1997Gerhard Berger
75%
16British1961Stirling Moss
75%
13Belgian1972Jacky Ickx
74%
10Austrian1970Jochen Rindt
74%
13British1968Graham Hill
72%
6Australian1980Alan Jones
71%
4Italian2009Giancarlo Fisichella
71%
1Finnish2008Heikki Kovalainen
71%
4Italian2009Jarno Trulli
70%
14Swedish1978Ronnie Peterson
70%
1New Zealander1973Denny Hulme
69%
2Canadian1981Gilles Villeneuve
68%
2French1997Jean Alesi
67%
8British1968John Surtees
66%
18French1983René Arnoux
64%
1German2005Nick Heidfeld
63%
6Argentine1981Carlos Reutemann
62%
3South African1979Jody Scheckter
62%
8Italian1992Ricardo Patrese
61%
5Swiss1976Clay Regazzoni
60%
2German1999Heinz-Harald Frentzen
56%
2Italian1985Michele Alboreto
49%
7French1981Jacques Laffite
47%
1Belgian1990Thierry Boutsen
47%
3Argentine1955José Froilán González
46%
4French1982Didier Pironi
43%
3British1959Tony Brooks
43%
5French1984Patrick Tambay
40%
3American1964Dan Gurney
39%
2British1978John Watson
37%
4British1958Mike Hawthorne
36%
5New Zealander1972Chris Amon
35%
3Italian1985Elio de Angelis
35%
2Swiss1971Jo Siffert
34%
1Brazilian1975Carlos Pace
33%
6French1980Jean-Pierre Jabouille
33%
1German1961Wolfgang von Trips
33%
1French1974Patrick Depailler
30%
1Italian1982Andrea de Cesaris
29%
1Swedish1959Jo Bonnier
28%
1American1972Peter Revson
25%
1Italian1975Vittorio Brambilla
24%
1Italian1966Lorenzo Bandini
23%
3French1978Jean-Pierre Jarier
21%
1American1953Bill Vukovich
18%
1Italian1955Eugenio Castellotti
18%
3Italian1986Teo Fabi
17%
1American1958Dick Rathmann
15%
1British1975Tom Pryce
15%
2British1958Stuart Lewis-Evans
14%
1American1956Pat Flaherty
13%
1Italian1980Bruno Giacomelli
12%
1British1966Mike Parkes
11%
1American1957Pat O'Connor
5%
1American1951Duke Nalon
4%
1American1960Eddie Sachs
4%
1American1954Jack McGrath
4%
1American1959Johnny Thomson
4%
1American1950Walt Faulkner
4%
1American1952Fred Agabashian
3%
1American1955Jerry Hoyt
2%

Score Distribution

Percentile by Number Answered

Percent of People with Each Score

Your Score History

You have not taken this quiz since the last reset